000 00445nam a2200193Ia 4500
008 210210b1940 xxu||||| |||| 00| 0 eng d
041 _aeng
082 _a386/24
100 _aDESAI (Sunderlal Trikamlal)
245 _aLaw of partnership in british India
260 _aBombay
_b-
_c1940
300 _a514
650 _apartnership
650 _aLaw
650 _aIndia
650 _abritish
690 _aCompany Law
906 _a005575
999 _c125739
_d125739